000 01163cam a22003257a 4500
003 CHAP
005 20220329141634.0
008 971013s1927 r 00010 d
010 _a71451
011 _a72423
035 _a81978
040 _cCHAP
090 _aTesis
100 0 0 _aCampa Aubert, Gustavo.
_917923
245 0 _aInforme correspondiente a la reglamentación del Río Rosas o Chico de Tula para los pueblos de San Agustín Buenavista, Xochitlán, Michimaloya, San Andrés, Nantaha y Tula de los Estados de México e Hidalgo
260 _a(s.l.) :
_bEl autor,
_c1927
300 _apág. varía.
502 _aTesis (Ing. Agr. e Hidráulico) -- ENA
590 _aALEPH
_b10
_c20130110
_lUCH01
_h1411
590 _aBATCH-UPD
_b10
_c20130110
_lUCH01
_h0437
590 _aBATCH-UPD
_b10
_c20130410
_lUCH01
_h0113
590 _aCONVERSION
_b10
_c20130109
_lUCH01
_h1339
650 1 4 _aAgua
_xAprovechamiento
_xMexico (Edo.)
_92298
650 1 4 _aAgua
_xAprovechamiento
_zHidalgo.
_92310
650 1 4 _aAgua
_xLeyes.
_92378
901 _aBK
942 _cFOLL
949 _bBC
_cTES
_d-35734
_eTS1
_fc.1
_i81978
_si
949 _bBC
_cTES
_d-35735
_eTS2
_fc.2
_i81978
_si
999 _c71451
_d71451